• 首页
  • 本馆介绍
  • 公告通知
  • 最新文献
  • 馆藏检索
  • 电子资源
  • 读者导购
  • 参考咨询
  • 我的图书馆
  • 登录
  • 详细信息显示
  • 放入我的书架
  • 预约/预借图书
  • 作者相关作品
  • 分类相关作品
  • 丛书相关作品
  • 出版社相关作品

书目信息

  • 表格格式
  • 工作单格式
  • 卡片格式
题名:
含英咀华
    
 
作者: 孙晶 , 苗田 编著
分册:  
出版信息: 上海   复旦大学出版社  1999
页数: 143页
开本: 25cm
丛书名:
单 册:
中图分类: I222.742 , I222.844 , I222.7
科图分类:
主题词: 唐诗--中国--选集 , 唐诗 , 宋词--中国--选集 , 宋词
电子资源:
ISBN: 7-309-02311-0
000 00783nam0 2200289 450
001 1568285470
005 20150131185906.65
010    @a7-309-02311-0@dCNY30.00
100    @a19991028d1999 em y0chiy0110 ea
101 0  @achi
102    @aCN@b310000
105    @ay z 000gy
200 1  @a含英咀华@Ahan ying ju hua@e唐宋诗词吟诵@f孙晶,苗田编著
210    @a上海@c复旦大学出版社@d1999
215    @a143页@d25cm
517 1  @a唐宋诗词吟诵@Atang song shi ci yin song
606 0  @a唐诗@y中国@x选集
606 0  @a唐诗
606 0  @a宋词@y中国@x选集
606 0  @a宋词
690    @aI222.742@v3
690    @aI222.844@v3
690    @aI222.7@v4
701  0 @a孙晶@Asun jing@4编著
701  0 @a苗田@Amiao tian@4编著
801  0 @aCN@bNLC@c20101222
905    @aZUCC@dI222.7@eJY219
    
    含英咀华:唐宋诗词吟诵/孙晶,苗田编著.-上海:复旦大学出版社,1999
    143页;25cm
    
    
    ISBN 7-309-02311-0:CNY30.00
    
●
相关链接 在E读中查询图书 在五车中查询图书 在当当中查询图书 在豆瓣中查询图书


正题名:含英咀华     索取号:I222.7/JY219         预约/预借

序号 登录号 条形码 馆藏地/架位号 状态 备注
1 7837735   278377356   学院路分馆/ [索取号:I222.7/JY219] 在馆    
2 7853601   278536014   学院路分馆/ [索取号:I222.7/JY219] 在馆    
唐山师范学院图书馆 欢迎您!
大连网信软件有限公司© 版权所有